Fraction to Decimals (forward) - Statistics

General Stats
  • This quiz has been taken 201 times
    190 since last reset
  • The average score is 6 of 28
Answer Stats
decimal fraction % Correct
1/3 .33
60%
1/2 .5
60%
1/4 .25
50%
2/3 .66
50%
3/4 .75
40%
2/5 .4
35%
3/5 .6
30%
5/8 .625
30%
1/10 .1
25%
1/5 .2
25%
4/5 .8
25%
1/8 .125
20%
1/7 .14
20%
1/6 .16
20%
1/13 .077
15%
1/11 .09
15%
5/6 .83
15%
7/8 .875
15%
1/12 .083
10%
1/19 .053
5%
1/18 .055
5%
1/17 .059
5%
1/15 .066
5%
1/14 .071
5%
3/8 .375
5%
1/20 .05
0%
1/16 .0625
0%
1/9 .11
0%
No matching quizzes found
Score Distribution
Percent of People with Each Score
Percentile by Number Answered
Your Score History
You have not taken this quiz since the last reset